000 01631nam0a2200397 4500
001 RU\NLR\bibl\1519111
005 20260608070046.0
010 _a978-5-903851-22-5
_91500
021 _aRU
_b2010-31713
_92123
035 _a(NLR Aleph) 001510481
090 _a77320
_c77320
100 _a20100603d2010 |||y0rusy50 ca
101 1 _arus
_ceng
102 _aRU
105 _ay |||||||||
200 1 _aАюрведа: жизнь, здоровье, долголетие
_fРоберт Э. Свобода
_g[пер. с англ. А. Блейз и др.]
205 _a[3-е изд.]
210 _aМосква
_cСаттва
_d2010
215 _a380 с.
_d22
225 1 _aАюрведа
300 _aЗагл. обл.: Жизнь, здоровье, долголетие
320 _aБиблиогр.: с. 348-350
320 _aАлф. указ.: с. 357-377
320 _aУказ. лат. назв. растений: с. 378-380
512 1 _6z45790
_aЖизнь, здоровье, долголетие
606 1 _aЖизнь
_xПродление
_xРоль аюрведы
_92340748
_3RU\NLR\auth\661399171
606 1 _aЗдоровье
_xРоль аюрведы
_92340746
_3RU\NLR\auth\661399170
606 _aАюрведа
_91113449
_3RU\NLR\auth\66120439
686 _aР359.12
700 1 _4070
_7ca
_8rus
_aСвобода
_bР. Э.
_f1953-
_gРоберт Э.
_9124402
_3RU\NLR\auth\7714734
790 1 _4070
_7ca
_8rus
_aСвобода
_bР. Э.
_f1953-
_gРоберт Э.
_9124402
_3RU\NLR\auth\7714734
801 0 _aRU
_bNLR
_c20100603
_gRCR
801 1 _aRU
_bNLR
_c20100603
942 _cBOOK
980 _aNB